| 000 | 00637nam a22002177a 4500 | ||
|---|---|---|---|
| 003 | OSt | ||
| 005 | 20150303152415.0 | ||
| 008 | 150303b xxu||||| |||| 00| 0 eng d | ||
| 020 | _a0632021128 | ||
| 040 | _cDNLM | ||
| 082 | _aWK 100 E73 1988 | ||
| 245 |
_aEssentials of Endocrinology / _cEdited by J. L.H. O'Riordan, P. G. Malan & R. P. Gould. |
||
| 250 | _a2nd ed. | ||
| 260 |
_aLondon: _bBlackwell Scientific Publications: _c1988. |
||
| 300 |
_axii, 276 p : _bill; _c27 cm. |
||
| 504 | _aIncludes index. | ||
| 650 |
_aEndocrinology _92229 |
||
| 700 |
_4Editor _aO'Rordan J L H _93101 |
||
| 700 |
_a[et...al] _9867 |
||
| 942 |
_2z _cSLOAN |
||
| 999 |
_c1138 _d1138 |
||